Manuscritos novohispanos (Record no. 2014)

MARC details
000 -CABECERA
campo de control de longitud fija 00842nam a2200253 a 4500
001 - NÚMERO DE CONTROL
campo de control BRCA_2265
005 - FECHA Y HORA DE LA ÚLTIMA TRANSACCIÓN
campo de control 20190320203733.0
008 - DATOS DE LONGITUD FIJA--INFORMACIÓN GENERAL
campo de control de longitud fija 980604s1990 mx-a---###---#000-0#spa-d
020 ## - NÚMERO INTERNACIONAL ESTÁNDAR DEL LIBRO
Número Internacional Estándar del Libro 968361326X
040 ## - FUENTE DE LA CATALOGACIÓN
Centro catalogador/agencia de origen NOC
Centro/agencia transcriptor NOC
Centro/agencia modificador UIU
050 #4 - SIGNATURA TOPOGRÁFICA DE LA BIBLIOTECA DEL CONGRESO
Número de clasificación Z115
Número de documento/Ítem .R36 1990
100 1# - ENTRADA PRINCIPAL--NOMBRE DE PERSONA
Nombre de persona Ramírez Montes, Guillermina
9 (RLIN) 3682
245 10 - MENCIÓN DE TÍTULO
Título Manuscritos novohispanos
Resto del título ejercicios de lectura
Mención de responsabilidad, etc. Guillermina Ramírez Montes.
260 ## - PUBLICACIÓN, DISTRIBUCIÓN, ETC.
Lugar de publicación, distribución, etc. México
Nombre del editor, distribuidor, etc. UNAM
Fecha de publicación, distribución, etc. 1990
300 ## - DESCRIPCIÓN FÍSICA
Extensión viii, 177 p.
Otras características físicas il.
Dimensiones 29 cm
440 #0 - MENCIÓN DE SERIE/PUNTO DE ACCESO ADICIONAL--TÍTULO
Título Apoyo a la docencia
Designación de volumen o secuencia 1
9 (RLIN) 6802
504 ## - NOTA DE BIBLIOGRAFÍA, ETC.
Nota de bibliografía, etc. Bibliografía: p. 172-177
650 14 - PUNTO DE ACCESO ADICIONAL DE MATERIA--TÉRMINO DE MATERIA
Término de materia o nombre geográfico como elemento de entrada Paleografía americana española
Subdivisión general Manuales
9 (RLIN) 6803
650 14 - PUNTO DE ACCESO ADICIONAL DE MATERIA--TÉRMINO DE MATERIA
Término de materia o nombre geográfico como elemento de entrada Manuscritos españoles
Subdivisión general Facsímiles
Subdivisión geográfica México
9 (RLIN) 6804
650 14 - PUNTO DE ACCESO ADICIONAL DE MATERIA--TÉRMINO DE MATERIA
Término de materia o nombre geográfico como elemento de entrada Manuscritos novohispanos
Subdivisión cronológica Siglo XVI
9 (RLIN) 6805
650 14 - PUNTO DE ACCESO ADICIONAL DE MATERIA--TÉRMINO DE MATERIA
Término de materia o nombre geográfico como elemento de entrada Escritura
Subdivisión general Historia
9 (RLIN) 1560
653 0# - TÉRMINO DE INDIZACIÓN--NO CONTROLADO
Término no controlado Libros antiguos
942 ## - ELEMENTOS DE PUNTO DE ACCESO ADICIONAL (KOHA)
Fuente del sistema de clasificación o colocación Library of Congress Classification
Tipo de ítem Koha Libros
Holdings
Estado de retiro Estado de pérdida Estado dañado No para préstamo Localización permanente Ubicación/localización actual Fecha de adquisición Total de préstamos Signatura topográfica completa Código de barras Fecha visto por última vez Precio válido a partir de Tipo de ítem Koha
El ejemplar forma parte de la colección y puede ser consultado según las políticas vigentes.       Biblioteca del Museo Franz Mayer (Rogerio Casas-Alatriste) Biblioteca del Museo Franz Mayer (Rogerio Casas-Alatriste) 14/08/2008   Z115 .R36 1990 02403 22/03/2019 22/03/2019 Libros